|
|
|
|
| LEADER |
00877cam a2200217 7i4500 |
| 001 |
0000071225 |
| 005 |
20220824090000.0 |
| 020 |
|
|
|a 9780429467684 (electronic book)
|
| 090 |
0 |
0 |
|a JZ1320.4
|b .F38 2021
|
| 100 |
1 |
|
|a Fauser, Margit
|
| 245 |
1 |
0 |
|a Mobile citizenship :
|b spatial privilege and the transnational lifestyles of senior citizens
|c Margit Fauser.
|
| 264 |
|
|
|a London ; New York:
|b Routledge, Taylor & Francis Group,
|c 2021.
|
| 300 |
|
|
|a 1 online resource (xii, 197 pages):
|b text file, PDF.
|
| 336 |
|
|
|a text
|2 rdacontent
|
| 337 |
|
|
|a computer
|2 rdamedia
|
| 338 |
|
|
|a online resource
|2 rdacarrier
|
| 650 |
|
0 |
|a World citizenship --
|x Case studies --
|z Germany
|
| 650 |
|
0 |
|a World citizenship --
|x Case studies --
|z Turkey
|
| 655 |
|
0 |
|a Electronic books
|
| 856 |
4 |
2 |
|u http://library.unisel.edu.my/web/guest/mylibrary
|
| 999 |
|
|
|a EBO0014206
|b EBOOK
|c EBOOK
|e Electronic resources
|